000 00579nam a2200229Ia 4500
003 OSt
005 20221005115642.0
006 a|||||r|||| 00| 0
007 ta
008 221004b |||||||| |||| 00| 0 tam d
024 _a57204
037 _cTextual
040 _aCRL
_cCRL
_btam
041 _2tam
_atam
082 _aO32,3N192x, J1
100 _aSaraswati Amma
_9627936
245 0 _aChuvana pookkal
260 _c1951
650 _aMALAYALAM FICTION
_9183428
942 _hO32,3N192x, J1
_cTEXL
_2cc
999 _c1035515
_d1035515